| 000 | 00900cab a2200277 4500 | ||
|---|---|---|---|
| 001 | WB3340-31 | ||
| 008 | 090401t1997 xxu||||| |||| 00| 0 eng d | ||
| 035 | _a(Sirsi) u81488 | ||
| 041 | _aeng | ||
| 245 | _aComplaining about agents | ||
| 260 | _c1997 | ||
| 350 | _a0 | ||
| 490 |
_aTimes _v15 october 1997, 6(1) |
||
| 520 | _aBuyers and sellers are advised to only use estate agents who are registered with the Estate Agents Ombudsman Scheme. It is hoped that the scheme, which comes into effect on 1 January 1998, will reduce the number of complaints against agents. | ||
| 650 | _aESTATE AGENTS | ||
| 650 | _aGAZUMPING | ||
| 650 | _aMALPRACTICE | ||
| 650 | _aMISREPRESENTATION | ||
| 650 | _aNAEA | ||
| 650 | _aOMBUDSMAN SCHEME | ||
| 650 | _aRICS | ||
| 650 | _aRING FENCING | ||
| 690 | _aMANAGEMENT-BUSINESS MANAGEMENT-PROFESSIONAL PRACTICE | ||
| 942 | _n0 | ||
| 948 | _c16/10/1997 | ||
| 999 |
_c51335 _d51335 |
||